000 00805cam a22002175a 4500
001 L158499
008 150326s2015 xxk f 000 0 eng d
020 _a9781859465486
035 _a(Sirsi) u158499
041 0 _aeng
050 0 4 _a720.47
100 1 _aPelsmakers, Sofie
245 0 4 _aThe Environmental Design Pocketbook
250 _a2nd ed.
260 _aLondon
_bRIBA Publishing
_c2015
300 _a494p, 19cm
520 _aGives information about how to design and deliver low energy buildings. This 2nd edition has the latest UK Building Regulations legislation and guidance, the RIBA Plan of Work 2013 and BREEAM credits. Also includes information about care and maintenance of buildings and LEED credits.
651 4 _aUNITED KINGDOM
690 _aSustainability
_96271
942 _n0
999 _c115346
_d115346